<?xml version="1.0" encoding="UTF-8"?>
<record
    xmlns:xsi="http://www.w3.org/2001/XMLSchema-instance"
    xsi:schemaLocation="http://www.loc.gov/MARC21/slim http://www.loc.gov/standards/marcxml/schema/MARC21slim.xsd"
    xmlns="http://www.loc.gov/MARC21/slim">

  <leader>02203cab a2200301Ia 45 0</leader>
  <controlfield tag="001">u200562</controlfield>
  <controlfield tag="003">SIRSI</controlfield>
  <controlfield tag="008">120604s2004    ua     ss b         eng d</controlfield>
  <datafield tag="040" ind1=" " ind2=" ">
    <subfield code="a">EAL</subfield>
  </datafield>
  <datafield tag="041" ind1=" " ind2=" ">
    <subfield code="a">eng</subfield>
    <subfield code="b">ara</subfield>
  </datafield>
  <datafield tag="090" ind1=" " ind2=" ">
    <subfield code="a">ART ZJAR V31 No4A 6</subfield>
  </datafield>
  <datafield tag="100" ind1="1" ind2=" ">
    <subfield code="a">Bardisi, A.</subfield>
  </datafield>
  <datafield tag="240" ind1="1" ind2="0">
    <subfield code="a">Zagazig journal of agricultural research, 2004 v. 31 (4A)</subfield>
    <subfield code="h">[electronic resource].</subfield>
  </datafield>
  <datafield tag="245" ind1="1" ind2="0">
    <subfield code="a">Influence of vitamin c and salicylic acid foliar application on garlic plants under sandy soil conditions</subfield>
    <subfield code="h">[electronic resource]:</subfield>
    <subfield code="b">1.growth and plant chemical composition.</subfield>
  </datafield>
  <datafield tag="246" ind1="1" ind2="5">
    <subfield code="a">&#x62A;&#x627;&#x62B;&#x64A;&#x631; &#x627;&#x644;&#x631;&#x634; &#x628;&#x643;&#x644; &#x645;&#x646; &#x641;&#x64A;&#x62A;&#x627;&#x645;&#x64A;&#x646; &#x62C; &#x648; &#x62D;&#x645;&#x636; &#x627;&#x644;&#x633;&#x627;&#x644;&#x64A;&#x633;&#x64A;&#x644;&#x643; &#x639;&#x644;&#x64A; &#x646;&#x628;&#x627;&#x62A;&#x627;&#x62A; &#x627;&#x644;&#x62B;&#x648;&#x645; &#x62A;&#x62D;&#x62A; &#x638;&#x631;&#x648;&#x641; &#x627;&#x644;&#x627;&#x631;&#x636; &#x627;&#x644;&#x631;&#x645;&#x644;&#x64A;&#x629;:</subfield>
    <subfield code="b">1-&#x627;&#x644;&#x646;&#x645;&#x648; &#x648;&#x627;&#x644;&#x645;&#x62D;&#x62A;&#x648;&#x649; &#x627;&#x644;&#x643;&#x64A;&#x645;&#x627;&#x648;&#x649; &#x644;&#x644;&#x646;&#x628;&#x627;&#x62A;.</subfield>
  </datafield>
  <datafield tag="300" ind1=" " ind2=" ">
    <subfield code="a">P. 1335-1347.</subfield>
  </datafield>
  <datafield tag="504" ind1=" " ind2=" ">
    <subfield code="a">Includes references.</subfield>
  </datafield>
  <datafield tag="520" ind1=" " ind2=" ">
    <subfield code="a">This experiment was carried out during winter seasons of 2001-2002 and 2002-2003 at EI-Kbattara Experimental Farm, Fac. Agric., Zagazig Univ., to study the effect of ascorbic acid (vit.C) and salicylic acid (SA) on growth, leaf pigments and nutrientuptake by garlic plants under sandy soil conditions Spraying garlic plants with vito C at 100 ppm or SA at 50 ppm recorded maximum values of plant height, while vito C at 100 or 200 ppm and SA at SO ppm recorded maximum values of Dumber of leaves/plant, diameter of both neck and bulb, total dry weight/plant and N, P and K uptake by leaves and bulb and N, P and K total uptake by plant. Foliar spray of garlic plants with ,vito C at 100 or 200 ppm or SA at 50 , 100 and 200 ppm increased concentration of chlorophyll a, b, total (a+b) as well as carotenoids in leaf tissues. Also, vito C at 100 or SA at SO ppm recorded maximum values of N, P and K uptake by roots.</subfield>
  </datafield>
  <datafield tag="546" ind1=" " ind2=" ">
    <subfield code="a">Summary in Arabic.</subfield>
  </datafield>
  <datafield tag="650" ind1=" " ind2="0">
    <subfield code="a">Sandy soils.</subfield>
  </datafield>
  <datafield tag="650" ind1=" " ind2="0">
    <subfield code="a">Garlic</subfield>
    <subfield code="x">Growth.</subfield>
  </datafield>
  <datafield tag="650" ind1=" " ind2="0">
    <subfield code="a">Agricultural chemicals</subfield>
    <subfield code="x">Foliar application.</subfield>
  </datafield>
  <datafield tag="650" ind1=" " ind2="0">
    <subfield code="a">Garlic</subfield>
    <subfield code="x">Composition.</subfield>
  </datafield>
  <datafield tag="650" ind1=" " ind2="0">
    <subfield code="a">Salicylic acid.</subfield>
  </datafield>
  <datafield tag="773" ind1="0" ind2=" ">
    <subfield code="t">Zagazig Journal of Agricultural Research. </subfield>
    <subfield code="g">2004.v.31(4A)</subfield>
    <subfield code="x">1110-0338</subfield>
    <subfield code="7">nnas</subfield>
    <subfield code="w">u158356</subfield>
  </datafield>
  <datafield tag="856" ind1="4" ind2="0">
    <subfield code="u">http://nile.enal.sci.eg/EALE/2004/ZJAR/3104/4A/1335.pdf</subfield>
    <subfield code="z">Full Text Article.</subfield>
  </datafield>
  <datafield tag="596" ind1=" " ind2=" ">
    <subfield code="a">1</subfield>
  </datafield>
  <datafield tag="942" ind1=" " ind2=" ">
    <subfield code="c">AR</subfield>
    <subfield code="2">lcc</subfield>
  </datafield>
  <datafield tag="999" ind1=" " ind2=" ">
    <subfield code="c">53034</subfield>
    <subfield code="d">53034</subfield>
  </datafield>
</record>
